| 000 | 00383 a2200145 4500 | ||
|---|---|---|---|
| 005 | 20250424145454.0 | ||
| 020 | _a0-13-316746-1 | ||
| 082 | _a657.48 ARN | ||
| 100 | _aARNOLD, J. | ||
| 245 | _aFinancial Accounting. | ||
| 260 |
_aLondon, _bPrentice- Hall, _c1985. |
||
| 300 |
_axvi, 428p.: ill.; figure, table. _bIndex. _c23cm. |
||
| 700 | _aHOPE, T. & SOUTHWORTH, A. | ||
| 942 |
_2ddc _cBKS |
||
| 999 |
_c1628 _d1628 |
||